000 00651nam a2200229Ia 4500
003 OSt
005 20221007074807.0
006 a|||||r|||| 00| 0
007 ta
008 221006b |||||||| |||| 00| 0 eng d
024 _a17,903
037 _cTextual
040 _aFLL
_cFLL
_beng
041 _2eng
_aeng
082 _aY217:4.73.N8, M3
100 _aWiersma G.E. Au.
_9693160
245 0 _aCohabitation, an alternative to marriage?
260 _aNetherland
_bMartinus nijhoff publishers Netherland
_c1983
300 _a203p
_ccm.
942 _hY217:4.73.N8, M3
_cTEXL
_2CC
999 _c1153693
_d1153693